The Graphic Novel I Survived The Great CHicago Fire 1871/ (Record no. 203243)

MARC details
000 -LEADER
fixed length control field 00562 a2200205 4500
005 - DATE AND TIME OF LATEST TRANSACTION
control field 20240524153010.0
010 ## - LCCN (DPL NO)
LC control number B-759183
020 ## - INTERNATIONAL STANDARD BOOK NUMBER
International Standard Book Number 9789354716621
Terms of availability 650.00
035 ## - SYSTEM CONTROL NUMBER
System control number B-759183
037 ## - SOURCE OF ACQUISITION
Source of stock number/acquisition Gift
082 ## - DEWEY DECIMAL CLASSIFICATION NUMBER
Classification number N
100 ## - MAIN ENTRY--PERSONAL NAME
Personal name Tarshis, Lauren
245 ## - TITLE STATEMENT
Title The Graphic Novel I Survived The Great CHicago Fire 1871/
Statement of responsibility, etc Lauren Tarshis
260 ## - PUBLICATION, DISTRIBUTION, ETC. (IMPRINT)
Place of publication, distribution, etc New York
Name of publisher, distributor, etc Scholastic Press
Date of publication, distribution, etc 2023
270 ## - ADDRESS
Address New York
City New York
300 ## - PHYSICAL DESCRIPTION
Extent 158 p.
Dimensions 23 cm(Pb)
700 ## - ADDED ENTRY--PERSONAL NAME
9 (RLIN) 66848
942 ## - ADDED ENTRY ELEMENTS (KOHA)
Institution code [OBSOLETE] dpl
Item type Children Books
Source of classification or shelving scheme Dewey Decimal Classification
Classification part N
Call number suffix TAR
Holdings
Withdrawn status Lost status Not for loan Collection code Home library Current library Date acquired Source of acquisition Cost, normal purchase price Full call number Barcode Copy number Cost, replacement price Koha item type Public note
      Fiction Shahdara Branch Shahdara Branch 24/05/2024 Gift/20.5.24 650.00 N TAR B-759183 1 650.00 Children Books Gift

© Delhi Public Library
Hit Counter
free hit counter